Day for the hunter (Record no. 501168)

MARC details
000 -LEADER
fixed length control field 00777nam a2200253Ia 4500
003 - CONTROL NUMBER IDENTIFIER
control field OSt
005 - DATE AND TIME OF LATEST TRANSACTION
control field 20220925182056.0
008 - FIXED-LENGTH DATA ELEMENTS--GENERAL INFORMATION
fixed length control field 220923b |||||||| |||| 00| 0 eng d
020 ## - INTERNATIONAL STANDARD BOOK NUMBER
International Standard Book Number 0226032914
037 ## - SOURCE OF ACQUISITION
Terms of availability General Book
040 ## - CATALOGING SOURCE
Original cataloging agency RTL
Transcribing agency RTL
Language of cataloging eng
041 ## - LANGUAGE CODE
Source of code eng
Language code of text/sound track or separate title eng
100 ## - MAIN ENTRY--PERSONAL NAME
Personal name Averill Gage
9 (RLIN) 255389
245 #0 - TITLE STATEMENT
Title Day for the hunter
Remainder of title a day for the prey Popular music and power in haiti
260 ## - PUBLICATION, DISTRIBUTION, ETC.
Place of publication, distribution, etc. Chicago
Name of publisher, distributor, etc. University of Chicago Press
Date of publication, distribution, etc. 1997
300 ## - PHYSICAL DESCRIPTION
Extent xxix, 276p
Dimensions cm.
490 ## - SERIES STATEMENT
Series statement Chicago Studies in Ethnomusicilogy
500 ## - GENERAL NOTE
General note Bibliography: P 245-53
942 ## - ADDED ENTRY ELEMENTS (KOHA)
Classification part Y:3(NR).7925.N9, N7
Koha item type General Books
Source of classification or shelving scheme Colon Classification (CC)
Holdings
Withdrawn status Lost status Damaged status Not for loan Home library Current library Date acquired Total Checkouts Full call number Barcode Date last seen Price effective from Koha item type
        Ratan Tata Library Ratan Tata Library 2022-09-25   Y:3(NR).7925.N9 N7 RT1136242 2022-09-25 2022-09-25 General Books
Copyright @ Delhi University Library System